000 00575nam a2200181Ia 4500
008 090123s9999 xx 000 0 und d
082 _b9166
100 _aरामरेडि्ड अनुसया
245 _aप्रतिक्षे
250 _a1
260 _bवर्धमान प्रकाशन
_c1984
300 _a106
600 _aरामरेडि्ड अनुसया
630 _aप्रतिक्षे
700 _aरामरेडि्ड अनुसया
730 _aप्रतिक्षे
942 _cBOOK
999 _c47231
_d47231